La teoría de la novela /

Guardado en:
Detalles Bibliográficos
Autor principal: Lukács, Georg (autor)
Otros autores: Goldmann, Lucien (epílogo) (epílogo), Sebreli, Juan José (traducción) (traducción)
Formato: Libro
Idioma:Español
Publicado: Buenos Aires, Argentina : Siglo Veinte, 1966, c1966
Temas:
Etiquetas: Agrega una etiqueta
Sin etiquetas, Sé el primero en etiquetar este registro!

MARC

LEADER 00000nam^a2200000^a^4500
001 000138572
005 20250521000000.0
009 20260310095432.64
037 |a Acervo ITESO - Biblioteca 
041 |a ESP 
082 |a 809. 3  |b LUK 
100 |a Lukács, Georg  |e (autor) 
240 1 4 |a [La teoría de la novela] 
245 1 3 |a La teoría de la novela /  |c G. Lukács ; epílogo de L. Goldmann ; tr. por J.J. Sebreli. 
264 4 |a Buenos Aires, Argentina :  |b Siglo Veinte,  |c 1966, c1966 
300 |a 182 p. 
336 |a texto  |b txt  |2 rdacontenido 
337 |a sin mediación  |b n  |2 rdamedio 
338 |a volumen  |b nc  |2 rdasoporte 
500 |a Traducción de: La théorie du roman 
649 |a XX 
650 |a Novela Europea -  |x Historia y Crítica 
650 |a Novela -  |x Teoría -  |x Tema Principal 
650 |a Literatura Epica -  |x Historia y Crítica 
650 |a Literatura Epica -  |x Teoría 
650 |a Literatura Europea -  |x Historia y Crítica 
650 |a Literatura -  |x Teoría 
650 |a Literatura -  |x Filosofía 
650 |a Estética 
700 |a Goldmann, Lucien  |e (epílogo) 
700 |a Sebreli, Juan José  |e (traducción) 
910 |a Fondo Salvador Reynoso Reynoso 
920 |a Impresos - Libros 
930 |a Fondos Especiales 
940 |a Literatura 
905 |a 112 
901 |a 0800014765  |b IT2  |c ESP  |u 20250521 
902 |a https://opac.biblio.iteso.mx/vufind/Record/000138572